[Event "Cesme op 6th"]
[Site "Cesme"]
[Date "2018.06.28"]
[Round "5"]
[White "Kitaev, Roman"]
[Black "Rzayev, Bahruz Iqbal Oglu"]
[Result "1/2-1/2"]
[WhiteElo "2031"]
[BlackElo "2405"]
[PlyCount "97"]
[EventDate "2018.06.26"]
[EventType "swiss"]
[EventRounds "9"]
[EventCountry "TUR"]
[SourceTitle "CBM 185 Extra"]
[Source "ChessBase"]
[SourceDate "2018.07.29"]
[SourceVersion "1"]
[SourceVersionDate "2018.07.29"]
[SourceQuality "1"]

1. Nf3 c5 2. b3 Nc6 3. Bb2 d6 4. g3 e5 5. d3 f5 6. Nbd2 Nf6 7. Bg2 g6 8. 0-0 Bg7 9. e4 0-0 10. a3 h6 11. Nh4 Kh7 12. exf5 gxf5 13. f4 Ng4 14. Bxc6 bxc6 15. Qe2 Bf6 16. fxe5 Bxh4 17. gxh4 Rg8 18. Kh1 Be6 19. Nf3 dxe5 20. Bxe5 Bd5 21. c4 Re8 22. cxd5 Qxd5 23. Qg2 Nxe5 24. Nxe5 Rxe5 25. Qxd5 cxd5 26. Rac1 d4 27. b4 cxb4 28. axb4 a5 29. Rc7+ Kg6 30. bxa5 Raxa5 31. Rc4 Ra2 32. Rxd4 Ree2 33. Rd1 Rxh2+ 34. Kg1 Rag2+ 35. Kf1 Rg4 36. Rxg4+ fxg4 37. Kg1 Rxh4 38. Kg2 Rh5 39. Kg3 Kg5 40. d4 Rh3+ 41. Kg2 Ra3 42. d5 Ra2+ 43. Kg1 Ra7 44. d6 Rd7 45. Kg2 h5 46. Kg3 h4+ 47. Kg2 Kf5 48. Rd4 Kg5 49. Kh2 1/2-1/2

[Event "Voronezh op-B 22nd"]
[Site "Voronezh"]
[Date "2018.06.16"]
[Round "5"]
[White "Sobina, Pavel"]
[Black "Kitaev, Roman"]
[Result "0-1"]
[WhiteElo "2199"]
[BlackElo "2031"]
[PlyCount "62"]
[EventDate "2018.06.12"]
[EventType "swiss"]
[EventRounds "9"]
[EventCountry "RUS"]
[SourceTitle "CBM 185 Extra"]
[Source "ChessBase"]
[SourceDate "2018.07.29"]
[SourceVersion "1"]
[SourceVersionDate "2018.07.29"]
[SourceQuality "1"]

1. e4 c5 2. Nf3 d6 3. d4 Nf6 4. Nc3 cxd4 5. Nxd4 a6 6. Be2 e6 7. Be3 Nbd7 8. f4 b5 9. Bf3 Bb7 10. a3 Qc7 11. 0-0 Nc5 12. e5 dxe5 13. fxe5 Nfe4 14. Nxe4 Nxe4 15. Bxe4 Bxe4 16. Qg4 Qxe5 17. Rae1 Bc5 18. Nb3 f5 19. Qh5+ g6 20. Qh6 Bxe3+ 21. Rxe3 Rd8 22. Rc3 Bd5 23. Re3 Qxb2 24. Rfe1 Kf7 25. Qh3 Rc8 26. Nd2 Rxc2 27. Nf3 Kg7 28. g4 fxg4 29. Qxg4 Rf8 30. Qd4+ Qxd4 31. Nxd4 Rg2+ 0-1